| 000 | 00660 a2200193 4500 | ||
|---|---|---|---|
| 003 | Nust | ||
| 005 | 20221125095846.0 | ||
| 010 | _a7983356 | ||
| 020 | _a98765432 | ||
| 040 | _cNust | ||
| 082 | _a519.72,THR | ||
| 100 |
_a C. D. Throsby _9103568 |
||
| 245 |
_aElementary linear programming / _cC. D. Throsby |
||
| 260 |
_aNew York _b Random House _c[1970] |
||
| 300 | _a242p | ||
| 505 | _aPart 1. Setting Up Simple Linear Programming Problems (Page-3), Part II: Setting Up More Complex Linear Programming Problems (Page-55), Part III: Ecmputationala Aspects (Page-142). | ||
| 650 |
_aElementary linear programming _9103569 |
||
| 942 |
_2ddc _cBK _k519.72,THR |
||
| 999 |
_c181316 _d181316 |
||